英語名からポケモン - Statistics

General Stats
  • This quiz has been taken 32 times
  • The average score is 212 of 1026
Answer Stats
番号 日本語 英語 % Correct
0001 フシギダネ Bulbasaur
80%
0005 リザード Charmeleon
80%
0006 リザードン Charizard
80%
0025 ピカチュウ Pikachu
80%
0002 フシギソウ Ivysaur
76%
0003 フシギバナ Venusaur
76%
0004 ヒトカゲ Charmander
76%
0007 ゼニガメ Squirtle
76%
0009 カメックス Blastoise
72%
0008 カメール Wartortle
68%
0016 ポッポ Pidgey
68%
0020 ラッタ Raticate
68%
0026 ライチュウ Raichu
68%
0011 トランセル Metapod
64%
0012 バタフリー Butterfree
64%
0017 ピジョン Pidgeotto
64%
0018 ピジョット Pidgeot
64%
0019 コラッタ Rattata
64%
0023 アーボ Ekans
64%
0029 ニドラン♀ Nidoran♀
64%
0030 ニドリーナ Nidorina
64%
0032 ニドラン♂ Nidoran♂
64%
0010 キャタピー Caterpie
60%
0015 スピアー Beedrill
60%
0024 アーボック Arbok
60%
0033 ニドリーノ Nidorino
60%
0034 ニドキング Nidoking
60%
0013 ビードル Weedle
56%
0014 コクーン Kakuna
56%
0027 サンド Sandshrew
56%
0028 サンドパン Sandslash
56%
0031 ニドクイン Nidoqueen
56%
0039 プリン Jigglypuff
56%
0041 ズバット Zubat
56%
0042 ゴルバット Golbat
56%
0133 イーブイ Eevee
56%
0022 オニドリル Fearow
52%
0037 ロコン Vulpix
52%
0052 ニャース Meowth
52%
0129 コイキング Magikarp
52%
0130 ギャラドス Gyarados
52%
0131 ラプラス Lapras
52%
0150 ミュウツー Mewtwo
52%
0151 ミュウ Mew
52%
0152 チコリータ Chikorita
52%
0021 オニスズメ Spearow
48%
0035 ピッピ Clefairy
48%
0038 キュウコン Ninetales
48%
0098 クラブ Krabby
48%
0110 マタドガス Weezing
48%
0127 カイロス Pinsir
48%
0135 サンダース Jolteon
48%
0145 サンダー Zapdos
48%
0147 ミニリュウ Dratini
48%
0149 カイリュー Dragonite
48%
0172 ピチュー Pichu
48%
0036 ピクシー Clefable
44%
0040 プクリン Wigglytuff
44%
0046 パラス Paras
44%
0047 パラセクト Parasect
44%
0053 ペルシアン Persian
44%
0074 イシツブテ Geodude
44%
0081 コイル Magnemite
44%
0099 キングラー Kingler
44%
0106 サワムラー Hitmonlee
44%
0109 ドガース Koffing
44%
0121 スターミー Starmie
44%
0132 メタモン Ditto
44%
0137 ポリゴン Porygon
44%
0140 カブト Kabuto
44%
0142 プテラ Aerodactyl
44%
0143 カビゴン Snorlax
44%
0144 フリーザー Articuno
44%
0148 ハクリュー Dragonair
44%
0169 クロバット Crobat
44%
0043 ナゾノクサ Oddish
40%
0050 ディグダ Diglett
40%
0054 コダック Psyduck
40%
0055 ゴルダック Golduck
40%
0056 マンキー Mankey
40%
0057 オコリザル Primeape
40%
0075 ゴローン Graveler
40%
0076 ゴローニャ Golem
40%
0077 ポニータ Ponyta
40%
0082 レアコイル Magneton
40%
0092 ゴース Gastly
40%
0093 ゴースト Haunter
40%
0094 ゲンガー Gengar
40%
0095 イワーク Onix
40%
0113 ラッキー Chansey
40%
0115 ガルーラ Kangaskhan
40%
0120 ヒトデマン Staryu
40%
0134 シャワーズ Vaporeon
40%
0136 ブースター Flareon
40%
0141 カブトプス Kabutops
40%
0146 ファイヤー Moltres
40%
0153 ベイリーフ Bayleef
40%
0155 ヒノアラシ Cyndaquil
40%
0329 ビブラーバ Vibrava
40%
0658 ゲッコウガ Greninja
40%
0051 ダグトリオ Dugtrio
36%
0064 ユンゲラー Kadabra
36%
0067 ゴーリキー Machoke
36%
0068 カイリキー Machamp
36%
0078 ギャロップ Rapidash
36%
0080 ヤドラン Slowbro
36%
0107 エビワラー Hitmonchan
36%
0108 ベロリンガ Lickitung
36%
0114 モンジャラ Tangela
36%
0123 ストライク Scyther
36%
0126 ブーバー Magmar
36%
0128 ケンタロス Tauros
36%
0154 メガニウム Meganium
36%
0157 バクフーン Typhlosion
36%
0158 ワニノコ Totodile
36%
0165 レディバ Ledyba
36%
0197 ブラッキー Umbreon
36%
0201 アンノーン Unown
36%
0208 ハガネール Steelix
36%
0214 ヘラクロス Heracross
36%
0242 ハピナス Blissey
36%
0280 ラルトス Ralts
36%
0328 ナックラー Trapinch
36%
0330 フライゴン Flygon
36%
0393 ポッチャマ Piplup
36%
0395 エンペルト Empoleon
36%
0470 リーフィア Leafeon
36%
0501 ミジュマル Oshawott
36%
0233 ポリゴン2 Porygon2
36%
0044 クサイハナ Gloom
32%
0048 コンパン Venonat
32%
0049 モルフォン Venomoth
32%
0063 ケーシィ Abra
32%
0065 フーディン Alakazam
32%
0066 ワンリキー Machop
32%
0079 ヤドン Slowpoke
32%
0084 ドードー Doduo
32%
0085 ドードリオ Dodrio
32%
0086 パウワウ Seel
32%
0087 ジュゴン Dewgong
32%
0088 ベトベター Grimer
32%
0090 シェルダー Shellder
32%
0097 スリーパー Hypno
32%
0100 ビリリダマ Voltorb
32%
0101 マルマイン Electrode
32%
0102 タマタマ Exeggcute
32%
0104 カラカラ Cubone
32%
0105 ガラガラ Marowak
32%
0111 サイホーン Rhyhorn
32%
0116 タッツー Horsea
32%
0117 シードラ Seadra
32%
0124 ルージュラ Jynx
32%
0138 オムナイト Omanyte
32%
0139 オムスター Omastar
32%
0166 レディアン Ledian
32%
0167 イトマル Spinarak
32%
0236 バルキー Tyrogue
32%
0245 スイクン Suicune
32%
0249 ルギア Lugia
32%
0250 ホウオウ Ho-Oh
32%
0255 アチャモ Torchic
32%
0276 スバメ Taillow
32%
0282 サーナイト Gardevoir
32%
0337 ルナトーン Lunatone
32%
0338 ソルロック Solrock
32%
0361 ユキワラシ Snorunt
32%
0362 オニゴーリ Glalie
32%
0376 メタグロス Metagross
32%
0377 レジロック Regirock
32%
0379 レジスチル Registeel
32%
0384 レックウザ Rayquaza
32%
0385 ジラーチ Jirachi
32%
0387 ナエトル Turtwig
32%
0389 ドダイトス Torterra
32%
0390 ヒコザル Chimchar
32%
0394 ポッタイシ Prinplup
32%
0398 ムクホーク Staraptor
32%
0410 タテトプス Shieldon
32%
0443 フカマル Gible
32%
0447 リオル Riolu
32%
0448 ルカリオ Lucario
32%
0462 ジバコイル Magnezone
32%
0468 トゲキッス Togekiss
32%
0471 グレイシア Glaceon
32%
0484 パルキア Palkia
32%
0486 レジギガス Regigigas
32%
0488 クレセリア Cresselia
32%
0495 ツタージャ Snivy
32%
0503 ダイケンキ Samurott
32%
0700 ニンフィア Sylveon
32%
0906 ニャオハ Sprigatito
32%
0474 ポリゴンZ Porygon-Z
32%
0045 ラフレシア Vileplume
28%
0069 マダツボミ Bellsprout
28%
0071 ウツボット Victreebel
28%
0089 ベトベトン Muk
28%
0103 ナッシー Exeggutor
28%
0112 サイドン Rhydon
28%
0125 エレブー Electabuzz
28%
0159 アリゲイツ Croconaw
28%
0160 オーダイル Feraligatr
28%
0168 アリアドス Ariados
28%
0183 マリル Marill
28%
0184 マリルリ Azumarill
28%
0185 ウソッキー Sudowoodo
28%
0193 ヤンヤンマ Yanma
28%
0195 ヌオー Quagsire
28%
0196 エーフィ Espeon
28%
0199 ヤドキング Slowking
28%
0202 ソーナンス Wobbuffet
28%
0212 ハッサム Scizor
28%
0220 ウリムー Swinub
28%
0221 イノムー Piloswine
28%
0237 カポエラー Hitmontop
28%
0241 ミルタンク Miltank
28%
0243 ライコウ Raikou
28%
0244 エンテイ Entei
28%
0251 セレビィ Celebi
28%
0252 キモリ Treecko
28%
0253 ジュプトル Grovyle
28%
0259 ヌマクロー Marshtomp
28%
0260 ラグラージ Swampert
28%
0263 ジグザグマ Zigzagoon
28%
0264 マッスグマ Linoone
28%
0281 キルリア Kirlia
28%
0292 ヌケニン Shedinja
28%
0302 ヤミラミ Sableye
28%
0315 ロゼリア Roselia
28%
0331 サボネア Cacnea
28%
0332 ノクタス Cacturne
28%
0359 アブソル Absol
28%
0372 コモルー Shelgon
28%
0375 メタング Metang
28%
0378 レジアイス Regice
28%
0380 ラティアス Latias
28%
0381 ラティオス Latios
28%
0386 デオキシス Deoxys
28%
0391 モウカザル Monferno
28%
0392 ゴウカザル Infernape
28%
0396 ムックル Starly
28%
0397 ムクバード Staravia
28%
0402 コロトック Kricketune
28%
0408 ズガイドス Cranidos
28%
0409 ラムパルド Rampardos
28%
0418 ブイゼル Buizel
28%
0419 フローゼル Floatzel
28%
0444 ガバイト Gabite
28%
0445 ガブリアス Garchomp
28%
0467 ブーバーン Magmortar
28%
0469 メガヤンマ Yanmega
28%
0473 マンムー Mamoswine
28%
0478 ユキメノコ Froslass
28%
0483 ディアルガ Dialga
28%
0485 ヒードラン Heatran
28%
0487 ギラティナ Giratina
28%
0489 フィオネ Phione
28%
0490 マナフィ Manaphy
28%
0491 ダークライ Darkrai
28%
0493 アルセウス Arceus
28%
0494 ビクティニ Victini
28%
0497 ジャローダ Serperior
28%
0498 ポカブ Tepig
28%
0500 エンブオー Emboar
28%
0511 ヤナップ Pansage
28%
0554 ダルマッカ Darumaka
28%
0570 ゾロア Zorua
28%
0571 ゾロアーク Zoroark
28%
0642 ボルトロス Thundurus
28%
0645 ランドロス Landorus
28%
0655 マフォクシー Delphox
28%
0656 ケロマツ Froakie
28%
0719 ディアンシー Diancie
28%
0722 モクロー Rowlet
28%
0809 メルメタル Melmetal
28%
0909 ホゲータ Fuecoco
28%
0059 ウインディ Arcanine
24%
0070 ウツドン Weepinbell
24%
0072 メノクラゲ Tentacool
24%
0073 ドククラゲ Tentacruel
24%
0083 カモネギ Farfetch'd
24%
0096 スリープ Drowzee
24%
0118 トサキント Goldeen
24%
0122 バリヤード Mr. Mime
24%
0156 マグマラシ Quilava
24%
0173 ピィ Cleffa
24%
0174 ププリン Igglybuff
24%
0175 トゲピー Togepi
24%
0176 トゲチック Togetic
24%
0182 キレイハナ Bellossom
24%
0188 ポポッコ Skiploom
24%
0189 ワタッコ Jumpluff
24%
0194 ウパー Wooper
24%
0203 キリンリキ Girafarig
24%
0215 ニューラ Sneasel
24%
0218 マグマッグ Slugma
24%
0219 マグカルゴ Magcargo
24%
0224 オクタン Octillery
24%
0226 マンタイン Mantine
24%
0227 エアームド Skarmory
24%
0231 ゴマゾウ Phanpy
24%
0232 ドンファン Donphan
24%
0246 ヨーギラス Larvitar
24%
0247 サナギラス Pupitar
24%
0248 バンギラス Tyranitar
24%
0254 ジュカイン Sceptile
24%
0256 ワカシャモ Combusken
24%
0257 バシャーモ Blaziken
24%
0258 ミズゴロウ Mudkip
24%
0278 キャモメ Wingull
24%
0279 ペリッパー Pelipper
24%
0286 キノガッサ Breloom
24%
0296 マクノシタ Makuhita
24%
0297 ハリテヤマ Hariyama
24%
0300 エネコ Skitty
24%
0311 プラスル Plusle
24%
0312 マイナン Minun
24%
0319 サメハダー Sharpedo
24%
0320 ホエルコ Wailmer
24%
0324 コータス Torkoal
24%
0333 チルット Swablu
24%
0334 チルタリス Altaria
24%
0350 ミロカロス Milotic
24%
0351 ポワルン Castform
24%
0357 トロピウス Tropius
24%
0360 ソーナノ Wynaut
24%
0363 タマザラシ Spheal
24%
0366 パールル Clamperl
24%
0371 タツベイ Bagon
24%
0373 ボーマンダ Salamence
24%
0374 ダンバル Beldum
24%
0382 カイオーガ Kyogre
24%
0383 グラードン Groudon
24%
0388 ハヤシガメ Grotle
24%
0399 ビッパ Bidoof
24%
0401 コロボーシ Kricketot
24%
0403 コリンク Shinx
24%
0404 ルクシオ Luxio
24%
0405 レントラー Luxray
24%
0406 スボミー Budew
24%
0407 ロズレイド Roserade
24%
0411 トリデプス Bastiodon
24%
0420 チェリンボ Cherubi
24%
0421 チェリム Cherrim
24%
0424 エテボース Ambipom
24%
0425 フワンテ Drifloon
24%
0426 フワライド Drifblim
24%
0427 ミミロル Buneary
24%
0428 ミミロップ Lopunny
24%
0437 ドータクン Bronzong
24%
0446 ゴンベ Munchlax
24%
0449 ヒポポタス Hippopotas
24%
0454 ドクロッグ Toxicroak
24%
0459 ユキカブリ Snover
24%
0460 ユキノオー Abomasnow
24%
0464 ドサイドン Rhyperior
24%
0465 モジャンボ Tangrowth
24%
0466 エレキブル Electivire
24%
0475 エルレイド Gallade
24%
0479 ロトム Rotom
24%
0480 ユクシー Uxie
24%
0481 エムリット Mesprit
24%
0482 アグノム Azelf
24%
0492 シェイミ Shaymin
24%
0496 ジャノビー Servine
24%
0502 フタチマル Dewott
24%
0512 ヤナッキー Simisage
24%
0513 バオップ Pansear
24%
0514 バオッキー Simisear
24%
0515 ヒヤップ Panpour
24%
0516 ヒヤッキー Simipour
24%
0521 ケンホロウ Unfezant
24%
0643 レシラム Reshiram
24%
0644 ゼクロム Zekrom
24%
0646 キュレム Kyurem
24%
0648 メロエッタ Meloetta
24%
0650 ハリマロン Chespin
24%
0652 ブリガロン Chesnaught
24%
0653 フォッコ Fennekin
24%
0657 ゲコガシラ Frogadier
24%
0666 ビビヨン Vivillon
24%
0670 フラエッテ Floette
24%
0696 チゴラス Tyrunt
24%
0697 ガチゴラス Tyrantrum
24%
0699 アマルルガ Aurorus
24%
0716 ゼルネアス Xerneas
24%
0791 ソルガレオ Solgaleo
24%
0792 ルナアーラ Lunala
24%
0797 テッカグヤ Celesteela
24%
0808 メルタン Meltan
24%
0815 エースバーン Cinderace
24%
0894 レジエレキ Regieleki
24%
0895 レジドラゴ Regidrago
24%
0058 ガーディ Growlithe
20%
0091 パルシェン Cloyster
20%
0119 アズマオウ Seaking
20%
0161 オタチ Sentret
20%
0162 オオタチ Furret
20%
0170 チョンチー Chinchou
20%
0171 ランターン Lanturn
20%
0179 メリープ Mareep
20%
0180 モココ Flaaffy
20%
0181 デンリュウ Ampharos
20%
0187 ハネッコ Hoppip
20%
0190 エイパム Aipom
20%
0198 ヤミカラス Murkrow
20%
0205 フォレトス Forretress
20%
0213 ツボツボ Shuckle
20%
0223 テッポウオ Remoraid
20%
0225 デリバード Delibird
20%
0228 デルビル Houndour
20%
0229 ヘルガー Houndoom
20%
0230 キングドラ Kingdra
20%
0234 オドシシ Stantler
20%
0235 ドーブル Smeargle
20%
0238 ムチュール Smoochum
20%
0239 エレキッド Elekid
20%
0240 ブビィ Magby
20%
0270 ハスボー Lotad
20%
0271 ハスブレロ Lombre
20%
0272 ルンパッパ Ludicolo
20%
0277 オオスバメ Swellow
20%
0285 キノココ Shroomish
20%
0287 ナマケロ Slakoth
20%
0288 ヤルキモノ Vigoroth
20%
0290 ツチニン Nincada
20%
0291 テッカニン Ninjask
20%
0293 ゴニョニョ Whismur
20%
0294 ドゴーム Loudred
20%
0295 バクオング Exploud
20%
0299 ノズパス Nosepass
20%
0303 クチート Mawile
20%
0307 アサナン Meditite
20%
0308 チャーレム Medicham
20%
0309 ラクライ Electrike
20%
0321 ホエルオー Wailord
20%
0322 ドンメル Numel
20%
0335 ザングース Zangoose
20%
0336 ハブネーク Seviper
20%
0342 シザリガー Crawdaunt
20%
0345 リリーラ Lileep
20%
0346 ユレイドル Cradily
20%
0347 アノプス Anorith
20%
0349 ヒンバス Feebas
20%
0353 カゲボウズ Shuppet
20%
0355 ヨマワル Duskull
20%
0358 チリーン Chimecho
20%
0364 トドグラー Sealeo
20%
0365 トドゼルガ Walrein
20%
0367 ハンテール Huntail
20%
0368 サクラビス Gorebyss
20%
0370 ラブカス Luvdisc
20%
0400 ビーダル Bibarel
20%
0412 ミノムッチ Burmy
20%
0413 ミノマダム Wormadam
20%
0415 ミツハニー Combee
20%
0417 パチリス Pachirisu
20%
0422 カラナクシ Shellos
20%
0423 トリトドン Gastrodon
20%
0431 ニャルマー Glameow
20%
0432 ブニャット Purugly
20%
0434 スカンプー Stunky
20%
0435 スカタンク Skuntank
20%
0436 ドーミラー Bronzor
20%
0438 ウソハチ Bonsly
20%
0439 マネネ Mime Jr.
20%
0440 ピンプク Happiny
20%
0450 カバルドン Hippowdon
20%
0451 スコルピ Skorupi
20%
0453 グレッグル Croagunk
20%
0458 タマンタ Mantyke
20%
0463 ベロベルト Lickilicky
20%
0476 ダイノーズ Probopass
20%
0499 チャオブー Pignite
20%
0519 マメパト Pidove
20%
0524 ダンゴロ Roggenrola
20%
0546 モンメン Cottonee
20%
0547 エルフーン Whimsicott
20%
0599 ギアル Klink
20%
0600 ギギアル Klang
20%
0601 ギギギアル Klinklang
20%
0607 ヒトモシ Litwick
20%
0608 ランプラー Lampent
20%
0613 クマシュン Cubchoo
20%
0615 フリージオ Cryogonal
20%
0618 マッギョ Stunfisk
20%
0621 クリムガン Druddigon
20%
0622 ゴビット Golett
20%
0623 ゴルーグ Golurk
20%
0628 ウォーグル Braviary
20%
0631 クイタラン Heatmor
20%
0632 アイアント Durant
20%
0635 サザンドラ Hydreigon
20%
0640 ビリジオン Virizion
20%
0641 トルネロス Tornadus
20%
0664 コフキムシ Scatterbug
20%
0702 デデンネ Dedenne
20%
0707 クレッフィ Klefki
20%
0717 イベルタル Yveltal
20%
0721 ボルケニオン Volcanion
20%
0724 ジュナイパー Decidueye
20%
0801 マギアナ Magearna
20%
0813 ヒバニー Scorbunny
20%
0818 インテレオン Inteleon
20%
0892 ウーラオス Urshifu
20%
0908 マスカーニャ Meowscarada
20%
0060 ニョロモ Poliwag
16%
0061 ニョロゾ Poliwhirl
16%
0062 ニョロボン Poliwrath
16%
0163 ホーホー Hoothoot
16%
0164 ヨルノズク Noctowl
16%
0186 ニョロトノ Politoed
16%
0191 ヒマナッツ Sunkern
16%
0192 キマワリ Sunflora
16%
0200 ムウマ Misdreavus
16%
0204 クヌギダマ Pineco
16%
0207 グライガー Gligar
16%
0217 リングマ Ursaring
16%
0222 サニーゴ Corsola
16%
0261 ポチエナ Poochyena
16%
0262 グラエナ Mightyena
16%
0265 ケムッソ Wurmple
16%
0266 カラサリス Silcoon
16%
0267 アゲハント Beautifly
16%
0268 マユルド Cascoon
16%
0269 ドクケイル Dustox
16%
0289 ケッキング Slaking
16%
0298 ルリリ Azurill
16%
0301 エネコロロ Delcatty
16%
0304 ココドラ Aron
16%
0305 コドラ Lairon
16%
0306 ボスゴドラ Aggron
16%
0310 ライボルト Manectric
16%
0314 イルミーゼ Illumise
16%
0318 キバニア Carvanha
16%
0323 バクーダ Camerupt
16%
0325 バネブー Spoink
16%
0326 ブーピッグ Grumpig
16%
0339 ドジョッチ Barboach
16%
0341 ヘイガニ Corphish
16%
0343 ヤジロン Baltoy
16%
0344 ネンドール Claydol
16%
0348 アーマルド Armaldo
16%
0354 ジュペッタ Banette
16%
0356 サマヨール Dusclops
16%
0369 ジーランス Relicanth
16%
0414 ガーメイル Mothim
16%
0416 ビークイン Vespiquen
16%
0429 ムウマージ Mismagius
16%
0430 ドンカラス Honchkrow
16%
0433 リーシャン Chingling
16%
0442 ミカルゲ Spiritomb
16%
0452 ドラピオン Drapion
16%
0455 マスキッパ Carnivine
16%
0457 ネオラント Lumineon
16%
0461 マニューラ Weavile
16%
0477 ヨノワール Dusknoir
16%
0504 ミネズミ Patrat
16%
0505 ミルホッグ Watchog
16%
0522 シママ Blitzle
16%
0523 ゼブライカ Zebstrika
16%
0525 ガントル Boldore
16%
0526 ギガイアス Gigalith
16%
0527 コロモリ Woobat
16%
0530 ドリュウズ Excadrill
16%
0531 タブンネ Audino
16%
0538 ナゲキ Throh
16%
0539 ダゲキ Sawk
16%
0540 クルミル Sewaddle
16%
0542 ハハコモリ Leavanny
16%
0544 ホイーガ Whirlipede
16%
0545 ペンドラー Scolipede
16%
0549 ドレディア Lilligant
16%
0550 バスラオ Basculin
16%
0555 ヒヒダルマ Darmanitan
16%
0582 バニプッチ Vanillite
16%
0585 シキジカ Deerling
16%
0596 デンチュラ Galvantula
16%
0597 テッシード Ferroseed
16%
0598 ナットレイ Ferrothorn
16%
0609 シャンデラ Chandelure
16%
0610 キバゴ Axew
16%
0612 オノノクス Haxorus
16%
0614 ツンベアー Beartic
16%
0625 キリキザン Bisharp
16%
0627 ワシボン Rufflet
16%
0633 モノズ Deino
16%
0638 コバルオン Cobalion
16%
0647 ケルディオ Keldeo
16%
0649 ゲノセクト Genesect
16%
0651 ハリボーグ Quilladin
16%
0654 テールナー Braixen
16%
0661 ヤヤコマ Fletchling
16%
0663 ファイアロー Talonflame
16%
0665 コフーライ Spewpa
16%
0669 フラベベ Flabébé
16%
0671 フラージェス Florges
16%
0673 ゴーゴート Gogoat
16%
0698 アマルス Amaura
16%
0708 ボクレー Phantump
16%
0709 オーロット Trevenant
16%
0710 バケッチャ Pumpkaboo
16%
0713 クレベース Avalugg
16%
0718 ジガルデ Zygarde
16%
0727 ガオガエン Incineroar
16%
0744 イワンコ Rockruff
16%
0746 ヨワシ Wishiwashi
16%
0794 マッシブーン Buzzwole
16%
0796 デンジュモク Xurkitree
16%
0800 ネクロズマ Necrozma
16%
0802 マーシャドー Marshadow
16%
0807 ゼラオラ Zeraora
16%
0812 ゴリランダー Rillaboom
16%
0816 メッソン Sobble
16%
0831 ウールー Wooloo
16%
0862 タチフサグマ Obstagoon
16%
0875 コオリッポ Eiscue
16%
0877 モルペコ Morpeko
16%
0888 ザシアン Zacian
16%
0889 ザマゼンタ Zamazenta
16%
0890 ムゲンダイナ Eternatus
16%
0899 アヤシシ Wyrdeer
16%
0905 ラブトロス Enamorus
16%
0921 パモ Pawmi
16%
0922 パモット Pawmo
16%
0924 ワッカネズミ Tandemaus
16%
0938 ズピカ Tadbulb
16%
0939 ハラバリー Bellibolt
16%
0949 リククラゲ Toedscruel
16%
0971 ボチ Greavard
16%
0977 ヘイラッシャ Dondozo
16%
0979 コノヨザル Annihilape
16%
0992 テツノカイナ Iron Hands (英語)
16%
1007 コライドン Koraidon
16%
1008 ミライドン Miraidon
16%
1009 ウネルミナモ Walking Wake (英語)
16%
1017 オーガポン Ogerpon
16%
1020 ウガツホムラ Gouging Fire (英語)
16%
1021 タケルライコ Raging Bolt (英語)
16%
0206 ノコッチ Dunsparce
12%
0210 グランブル Granbull
12%
0211 ハリーセン Qwilfish
12%
0216 ヒメグマ Teddiursa
12%
0273 タネボー Seedot
12%
0274 コノハナ Nuzleaf
12%
0275 ダーテング Shiftry
12%
0283 アメタマ Surskit
12%
0284 アメモース Masquerain
12%
0313 バルビート Volbeat
12%
0340 ナマズン Whiscash
12%
0352 カクレオン Kecleon
12%
0456 ケイコウオ Finneon
12%
0472 グライオン Gliscor
12%
0509 チョロネコ Purrloin
12%
0510 レパルダス Liepard
12%
0518 ムシャーナ Musharna
12%
0528 ココロモリ Swoobat
12%
0532 ドッコラー Timburr
12%
0533 ドテッコツ Gurdurr
12%
0534 ローブシン Conkeldurr
12%
0535 オタマロ Tympole
12%
0548 チュリネ Petilil
12%
0556 マラカッチ Maractus
12%
0557 イシズマイ Dwebble
12%
0558 イワパレス Crustle
12%
0566 アーケン Archen
12%
0569 ダストダス Garbodor
12%
0572 チラーミィ Minccino
12%
0573 チラチーノ Cinccino
12%
0576 ゴチルゼル Gothitelle
12%
0578 ダブラン Duosion
12%
0580 コアルヒー Ducklett
12%
0581 スワンナ Swanna
12%
0583 バニリッチ Vanillish
12%
0584 バイバニラ Vanilluxe
12%
0586 メブキジカ Sawsbuck
12%
0587 エモンガ Emolga
12%
0590 タマゲタケ Foongus
12%
0593 ブルンゲル Jellicent
12%
0595 バチュル Joltik
12%
0602 シビシラス Tynamo
12%
0604 シビルドン Eelektross
12%
0605 リグレー Elgyem
12%
0611 オノンド Fraxure
12%
0619 コジョフー Mienfoo
12%
0620 コジョンド Mienshao
12%
0624 コマタナ Pawniard
12%
0630 バルジーナ Mandibuzz
12%
0634 ジヘッド Zweilous
12%
0639 テラキオン Terrakion
12%
0659 ホルビー Bunnelby
12%
0662 ヒノヤコマ Fletchinder
12%
0667 シシコ Litleo
12%
0668 カエンジシ Pyroar
12%
0678 ニャオニクス Meowstic
12%
0682 シュシュプ Spritzee
12%
0704 ヌメラ Goomy
12%
0706 ヌメルゴン Goodra
12%
0711 パンプジン Gourgeist
12%
0714 オンバット Noibat
12%
0715 オンバーン Noivern
12%
0720 フーパ Hoopa
12%
0723 フクスロー Dartrix
12%
0730 アシレーヌ Primarina
12%
0737 デンヂムシ Charjabug
12%
0738 クワガノン Vikavolt
12%
0740 ケケンカニ Crabominable
12%
0745 ルガルガン Lycanroc
12%
0751 シズクモ Dewpider
12%
0752 オニシズクモ Araquanid
12%
0761 アマカジ Bounsweet
12%
0763 アマージョ Tsareena
12%
0772 タイプ:ヌル Type: Null
12%
0776 バクガメス Turtonator
12%
0777 トゲデマル Togedemaru
12%
0778 ミミッキュ Mimikyu
12%
0780 ジジーロン Drampa
12%
0781 ダダリン Dhelmise
12%
0785 カプ・コケコ Tapu Koko
12%
0786 カプ・テテフ Tapu Lele
12%
0787 カプ・ブルル Tapu Bulu
12%
0788 カプ・レヒレ Tapu Fini
12%
0795 フェローチェ Pheromosa
12%
0798 カミツルギ Kartana
12%
0799 アクジキング Guzzlord
12%
0805 ツンデツンデ Stakataka
12%
0806 ズガドーン Blacephalon
12%
0810 サルノリ Grookey
12%
0814 ラビフット Raboot
12%
0819 ホシガリス Skwovet
12%
0822 アオガラス Corvisquire
12%
0823 アーマーガア Corviknight
12%
0833 カムカメ Chewtle
12%
0835 ワンパチ Yamper
12%
0836 パルスワン Boltund
12%
0837 タンドン Rolycoly
12%
0838 トロッゴン Carkol
12%
0839 セキタンザン Coalossal
12%
0842 タルップル Appletun
12%
0851 マルヤクデ Centiskorch
12%
0861 オーロンゲ Grimmsnarl
12%
0865 ネギガナイト Sirfetch'd
12%
0869 マホイップ Alcremie
12%
0871 バチンウニ Pincurchin
12%
0883 ウオチルドン Arctovish
12%
0884 ジュラルドン Duraludon
12%
0887 ドラパルト Dragapult
12%
0891 ダクマ Kubfu
12%
0893 ザルード Zarude
12%
0898 バドレックス Calyrex
12%
0900 バサギリ Kleavor
12%
0907 ニャローテ Floragato
12%
0910 アチゲータ Crocalor
12%
0911 ラウドボーン Skeledirge
12%
0912 クワッス Quaxly
12%
0913 ウェルカモ Quaxwell
12%
0914 ウェーニバル Quaquaval
12%
0923 パーモット Pawmot
12%
0925 イッカネズミ Maushold
12%
0926 パピモッチ Fidough
12%
0931 イキリンコ Squawkabilly
12%
0940 カイデン Wattrel
12%
0941 タイカイデン Kilowattrel
12%
0942 オラチフ Maschiff
12%
0943 マフィティフ Mabosstiff
12%
0946 アノクサ Bramblin
12%
0947 アノホラグサ Brambleghast
12%
0948 ノノクラゲ Toedscool
12%
0951 カプサイジ Capsakid
12%
0952 スコヴィラン Scovillain
12%
0962 オトシドリ Bombirdier
12%
0973 カラミンゴ Flamigo
12%
0978 シャリタツ Tatsugiri
12%
0981 リキキリン Farigiraf
12%
0982 ノココッチ Dudunsparce
12%
0987 ハバタクカミ Flutter Mane (英語)
12%
0988 チヲハウハネ Slither Wing (英語)
12%
0989 スナノケガワ Sandy Shocks (英語)
12%
0990 テツノワダチ Iron Treads (英語)
12%
0993 テツノコウベ Iron Jugulis (英語)
12%
0999 コレクレー Gimmighoul
12%
1000 サーフゴー Gholdengo
12%
1001 チオンジェン Wo-Chien
12%
1002 パオジアン Chien-Pao
12%
1003 ディンルー Ting-Lu
12%
1004 イーユイ Chi-Yu
12%
1005 トドロクツキ Roaring Moon (英語)
12%
1006 テツノブジン Iron Valiant (英語)
12%
1010 テツノイサハ Iron Leaves (英語)
12%
1014 イイネイヌ Okidogi
12%
1022 テツノイワオ Iron Boulder (英語)
12%
1023 テツノカシラ Iron Crown (英語)
12%
1024 テラパゴス Terapagos
12%
0177 ネイティ Natu
8%
0178 ネイティオ Xatu
8%
0209 ブルー Snubbull
8%
0316 ゴクリン Gulpin
8%
0317 マルノーム Swalot
8%
0327 パッチール Spinda
8%
0441 ペラップ Chatot
8%
0506 ヨーテリー Lillipup
8%
0507 ハーデリア Herdier
8%
0508 ムーランド Stoutland
8%
0517 ムンナ Munna
8%
0529 モグリュー Drilbur
8%
0537 ガマゲロゲ Seismitoad
8%
0541 クルマユ Swadloon
8%
0543 フシデ Venipede
8%
0551 メグロコ Sandile
8%
0552 ワルビル Krokorok
8%
0553 ワルビアル Krookodile
8%
0559 ズルッグ Scraggy
8%
0560 ズルズキン Scrafty
8%
0561 シンボラー Sigilyph
8%
0562 デスマス Yamask
8%
0564 プロトーガ Tirtouga
8%
0565 アバゴーラ Carracosta
8%
0567 アーケオス Archeops
8%
0568 ヤブクロン Trubbish
8%
0574 ゴチム Gothita
8%
0575 ゴチミル Gothorita
8%
0579 ランクルス Reuniclus
8%
0588 カブルモ Karrablast
8%
0589 シュバルゴ Escavalier
8%
0591 モロバレル Amoonguss
8%
0592 プルリル Frillish
8%
0594 ママンボウ Alomomola
8%
0606 オーベム Beheeyem
8%
0616 チョボマキ Shelmet
8%
0617 アギルダー Accelgor
8%
0626 バッフロン Bouffalant
8%
0629 バルチャイ Vullaby
8%
0636 メラルバ Larvesta
8%
0637 ウルガモス Volcarona
8%
0660 ホルード Diggersby
8%
0672 メェークル Skiddo
8%
0674 ヤンチャム Pancham
8%
0675 ゴロンダ Pangoro
8%
0676 トリミアン Furfrou
8%
0679 ヒトツキ Honedge
8%
0680 ニダンギル Doublade
8%
0681 ギルガルド Aegislash
8%
0683 フレフワン Aromatisse
8%
0684 ペロッパフ Swirlix
8%
0685 ペロリーム Slurpuff
8%
0686 マーイーカ Inkay
8%
0687 カラマネロ Malamar
8%
0688 カメテテ Binacle
8%
0689 ガメノデス Barbaracle
8%
0690 クズモー Skrelp
8%
0691 ドラミドロ Dragalge
8%
0692 ウデッポウ Clauncher
8%
0693 ブロスター Clawitzer
8%
0694 エリキテル Helioptile
8%
0701 ルチャブル Hawlucha
8%
0705 ヌメイル Sliggoo
8%
0712 カチコール Bergmite
8%
0728 アシマリ Popplio
8%
0731 ツツケラ Pikipek
8%
0732 ケララッパ Trumbeak
8%
0733 ドデカバシ Toucannon
8%
0734 ヤングース Yungoos
8%
0739 マケンカニ Crabrawler
8%
0741 オドリドリ Oricorio
8%
0743 アブリボン Ribombee
8%
0750 バンバドロ Mudsdale
8%
0755 ネマシュ Morelull
8%
0756 マシェード Shiinotic
8%
0758 エンニュート Salazzle
8%
0759 ヌイコグマ Stufful
8%
0760 キテルグマ Bewear
8%
0762 アママイコ Steenee
8%
0764 キュワワー Comfey
8%
0766 ナゲツケサル Passimian
8%
0767 コソクムシ Wimpod
8%
0768 グソクムシャ Golisopod
8%
0769 スナバァ Sandygast
8%
0770 シロデスナ Palossand
8%
0771 ナマコブシ Pyukumuku
8%
0774 メテノ Minior
8%
0775 ネッコアラ Komala
8%
0784 ジャラランガ Kommo-o
8%
0789 コスモッグ Cosmog
8%
0790 コスモウム Cosmoem
8%
0793 ウツロイド Nihilego
8%
0811 バチンキー Thwackey
8%
0817 ジメレオン Drizzile
8%
0820 ヨクバリス Greedent
8%
0821 ココガラ Rookidee
8%
0826 イオルブ Orbeetle
8%
0832 バイウールー Dubwool
8%
0834 カジリガメ Drednaw
8%
0840 カジッチュ Applin
8%
0841 アップリュー Flapple
8%
0849 ストリンダー Toxtricity
8%
0850 ヤクデ Sizzlipede
8%
0852 タタッコ Clobbopus
8%
0854 ヤバチャ Sinistea
8%
0855 ポットデス Polteageist
8%
0856 ミブリム Hatenna
8%
0857 テブリム Hattrem
8%
0858 ブリムオン Hatterene
8%
0859 ベロバー Impidimp
8%
0860 ギモー Morgrem
8%
0864 サニゴーン Cursola
8%
0866 バリコオル Mr. Rime
8%
0868 マホミル Milcery
8%
0870 タイレーツ Falinks
8%
0880 パッチラゴン Dracozolt
8%
0881 パッチルドン Arctozolt
8%
0882 ウオノラゴン Dracovish
8%
0885 ドラメシヤ Dreepy
8%
0886 ドロンチ Drakloak
8%
0896 ブリザポス Glastrier
8%
0897 レイスポス Spectrier
8%
0902 イダイトウ Basculegion
8%
0903 オオニューラ Sneasler
8%
0915 グルトン Lechonk
8%
0916 パフュートン Oinkologne
8%
0917 タマンチュラ Tarountula
8%
0918 ワナイダー Spidops
8%
0927 バウッツェル Dachsbun
8%
0928 ミニーブ Smoliv
8%
0929 オリーニョ Dolliv
8%
0930 オリーヴァ Arboliva
8%
0935 カルボウ Charcadet
8%
0936 グレンアルマ Armarouge
8%
0937 ソウブレイズ Ceruledge
8%
0944 シルシュルー Shroodle
8%
0945 タギングル Grafaiai
8%
0950 ガケガニ Klawf
8%
0960 ウミディグダ Wiglett
8%
0964 イルカマン Palafin
8%
0965 ブロロン Varoom
8%
0966 ブロロローム Revavroom
8%
0967 モトトカゲ Cyclizar
8%
0972 ハカドッグ Houndstone
8%
0974 アルクジラ Cetoddle
8%
0975 ハルクジラ Cetitan
8%
0980 ドオー Clodsire
8%
0983 ドドゲザン Kingambit
8%
0984 イダイナキバ Great Tusk (英語)
8%
0985 サケブシッポ Scream Tail (英語)
8%
0991 テツノツツミ Iron Bundle (英語)
8%
0994 テツノドクガ Iron Moth (英語)
8%
0995 テツノイバラ Iron Thorns (英語)
8%
0996 セビエ Frigibax
8%
0997 セゴール Arctibax
8%
0998 セグレイブ Baxcalibur
8%
1013 ヤバソチャ Sinistcha
8%
1015 マシマシラ Munkidori
8%
1016 キチキギス Fezandipiti
8%
1018 ブリジュラス Archaludon
8%
1019 カミツオロチ Hydrapple
8%
1025 モモワロウ Pecharunt
8%
0520 ハトーボー Tranquill
4%
0563 デスカーン Cofagrigus
4%
0577 ユニラン Solosis
4%
0603 シビビール Eelektrik
4%
0695 エレザード Heliolisk
4%
0703 メレシー Carbink
4%
0725 ニャビー Litten
4%
0726 ニャヒート Torracat
4%
0729 オシャマリ Brionne
4%
0735 デカグース Gumshoos
4%
0736 アゴジムシ Grubbin
4%
0747 ヒドイデ Mareanie
4%
0748 ドヒドイデ Toxapex
4%
0749 ドロバンコ Mudbray
4%
0754 ラランテス Lurantis
4%
0757 ヤトウモリ Salandit
4%
0765 ヤレユータン Oranguru
4%
0773 シルヴァディ Silvally
4%
0779 ハギギシリ Bruxish
4%
0782 ジャラコ Jangmo-o
4%
0783 ジャランゴ Hakamo-o
4%
0803 ベベノム Poipole
4%
0804 アーゴヨン Naganadel
4%
0824 サッチムシ Blipbug
4%
0825 レドームシ Dottler
4%
0827 クスネ Nickit
4%
0828 フォクスライ Thievul
4%
0830 ワタシラガ Eldegoss
4%
0843 スナヘビ Silicobra
4%
0844 サダイジャ Sandaconda
4%
0845 ウッウ Cramorant
4%
0848 エレズン Toxel
4%
0853 オトスパス Grapploct
4%
0863 ニャイキング Perrserker
4%
0872 ユキハミ Snom
4%
0873 モスノウ Frosmoth
4%
0874 イシヘンジン Stonjourner
4%
0876 イエッサン Indeedee
4%
0878 ゾウドウ Cufant
4%
0879 ダイオウドウ Copperajah
4%
0901 ガチグマ Ursaluna
4%
0904 ハリーマン Overqwil
4%
0920 エクスレッグ Lokix
4%
0932 コジオ Nacli
4%
0933 ジオヅム Naclstack
4%
0934 キョジオーン Garganacl
4%
0953 シガロコ Rellor
4%
0954 ベラカス Rabsca
4%
0955 ヒラヒナ Flittle
4%
0956 クエスパトラ Espathra
4%
0957 カヌチャン Tinkatink
4%
0958 ナカヌチャン Tinkatuff
4%
0959 デカヌチャン Tinkaton
4%
0961 ウミトリオ Wugtrio
4%
0963 ナミイルカ Finizen
4%
0968 ミミズズ Orthworm
4%
0969 キラーメ Glimmet
4%
0970 キラフロル Glimmora
4%
0976 ミガルーサ Veluza
4%
0986 アラブルタケ Brute Bonnet (英語)
4%
1011 カミッチュ Dipplin
4%
1012 チャデス Poltchageist
4%
0536 ガマガル Palpitoad
0%
0677 ニャスパー Espurr
0%
0742 アブリー Cutiefly
0%
0753 カリキリ Fomantis
0%
0829 ヒメンカ Gossifleur
0%
0846 サシカマス Arrokuda
0%
0847 カマスジョー Barraskewda
0%
0867 デスバーン Runerigus
0%
番号 日本語 英語、イタリア語、スペイン語
0%
0919 マメバッタ Nymble
0%
No matching quizzes found
Score Distribution
Percent of People with Each Score
Percentile by Number Answered
Your Score History
You have not taken this quiz